000 00550nam a2200181 i 4500
001 61621
003 ES-MaACL
005 20230906164514.0
007 t|
008 031113m19651973sp ||||1| spa d
100 1 _aFàbregas i Cuxart, Lluís.
_948564
245 1 0 _aCa-nostra
_b: (50 años de vida palmesana) /
_cLuis Fábregas y Cuxart.
260 _aPalma de Mallorca :
_bCort,
_c1965-1973.
300 _a3 v. :
_bil. ;
_c23 cm.
500 _aSon los T. 1 y 2.
651 4 _aMallorca-
_xHistoria.
_99016
852 _aES-MaACL
_jP-357-Ter
_bR.57118
999 _c61621
_d61621